| 000 | 00871cam a2200289 4500 | ||
|---|---|---|---|
| 001 | 46010 | ||
| 003 | BD-RJUL | ||
| 005 | 20211209054109.0 | ||
| 008 | 160730s1955 nyu b 000 0 eng | ||
| 035 | _aMITb10905021 | ||
| 035 | _aBD-RJUL 46128 | ||
| 040 |
_aDLC _cWSU _dOCL _dSER _dMYG _beng |
||
| 041 | _aeng | ||
| 082 |
_a332.7 _bNAM 1955 |
||
| 090 |
_aHG3729.U5 _bN23x 1955 |
||
| 100 | 1 |
_aNadler, Marcus, _d1895- _9140676 |
|
| 245 | 1 | 4 |
_aThe money market and its institutions / _c[by] Marcus Nadler, Sipa Heller [and] Samuel S. Shipman. |
| 260 |
_aNew York : _bRonald Press Co, _c[1955] |
||
| 300 |
_a323 p. ; _c22 cm. |
||
| 504 | _aIncludes bibliography. | ||
| 650 | 0 |
_aCredit _zUnited States. _9140677 |
|
| 650 | 0 |
_aCurrency question _zUnited States. _9134109 |
|
| 942 |
_2ddc _cBK |
||
| 946 | _at | ||
| 949 |
_ac _p39080021817397 |
||
| 999 |
_c46010 _d46010 |
||